[Event "World Women's Team Final"]
[Site "Linares ESP"]
[Date "2025.11.21"]
[Round "1.3"]
[White "Krush,I"]
[Black "Guo Qi"]
[Result "0-1"]
[WhiteElo "2396"]
[BlackElo "2384"]

1.d4 Nf6 2.c4 e6 3.Nc3 d5 4.cxd5 exd5 5.Bg5 Be7 6.e3 h6 7.Bh4 Bg4 8.f3 Be6
9.Bd3 c5 10.Nge2 Nc6 11.O-O O-O 12.Bf2 cxd4 13.exd4 Qd7 14.Ng3 Bd6 15.Re1 Rac8
16.Qd2 Rfe8 17.Rac1 a6 18.a3 Ne7 19.Bf1 Nf5 20.Nxf5 Bxf5 21.Bg3 Bxg3 22.hxg3 h5
23.Re5 g6 24.Rce1 Kg7 25.Qe2 Re6 26.Rxe6 Qxe6 27.Qxe6 Bxe6 28.Bd3 b5 29.Na2 Ne8
30.Rc1 Rxc1+ 31.Nxc1 Nd6 32.Kf2 Bf5 33.Ke3 Kf6 34.Be2 Nc4+ 35.Bxc4 dxc4 36.Ne2 Ke6
37.Nc3 Kd6 38.Ne4+ Bxe4 39.fxe4 a5 40.Kd2 b4 41.axb4 axb4 42.Ke3 f6 43.Kd2 Ke6
44.Ke3 Kd6 45.Kd2 Ke6 46.Ke3 f5 47.e5 Kd5 48.Kd2 g5 49.Ke3 Ke6 50.Kd2 f4
51.gxf4 gxf4 52.Ke2 h4 53.Ke1 f3 54.gxf3 h3 55.Kf2 c3  0-1

[Event "World Women's Team Final"]
[Site "Linares ESP"]
[Date "2025.11.21"]
[Round "1.1"]
[White "Zhai Mo"]
[Black "Krush,I"]
[Result "1/2-1/2"]
[WhiteElo "2384"]
[BlackElo "2396"]

1.Nf3 Nf6 2.c4 e6 3.d4 d5 4.Nc3 dxc4 5.e4 b5 6.e5 Nd5 7.Nxb5 Nb6 8.Nc3 Bb7
9.Be2 Be7 10.Be3 Nc6 11.a3 Na5 12.Qc2 Qd7 13.O-O Nb3 14.Rad1 Qc6 15.Ne1 O-O
16.f4 f5 17.Bf3 Nd5 18.Nxd5 exd5 19.g4 Qg6 20.Qg2 c6 21.gxf5 Qxg2+ 22.Nxg2 Bc8
23.f6 gxf6 24.Rf2 f5 25.Rc2 Kf7 26.Bf2 Rg8 27.h4 Be6 28.Kh2 Bf8 29.Ne1 Ke7
30.Bg2 Bf7 31.Nf3 Bh5 32.Re1 Bxf3 33.Bxf3 Bh6 34.Be3 Rab8 35.Rf1 Rb6 36.Rff2 Rgb8
37.Bd1 Ke6 38.Rg2 Bf8 39.Rce2 Bh6 40.Ref2 R6b7 41.Re2 Bf8 42.Kh1 Rb5 43.Kh2 Bh6
44.Kh1 a5 45.Kh2 R5b7 46.Kh1 Bf8 47.Rg5 Na1 48.Rgg2 Bh6 49.Kh2 Nb3 50.Kh1 Rb6  1/2-1/2